[Event "DEM U14 2024"]
[Site "Willingen GER"]
[Date "2024.05.19"]
[Round "2"]
[White "Nguyen, Thanh An"]
[Black "Burkart, Lloyd Shang"]
[Result "1/2-1/2"]
[Termination "normal"]
[Board "10"]
[WhiteElo "1794"]
[BlackElo "2168"]
[WhiteClock "00:58:38"]
[BlackClock "00:43:25"]
[PlyCount "41"]
[WhiteFideId "34627804"]
[BlackFideId "16239059"]
[EventCountry "GER"]
[EventRounds "9"]
[EventType "swiss"]
[EventDate "2024.05.18"]

1. e4 {[%clk 01:30:59]} {[%emt 00:00:01]} c5 {[%clk 01:30:47]} {[%emt
00:00:13]} 2. Nf3 {[%clk 01:31:09]} {[%emt 00:00:20]} e6 {[%clk 01:30:16]}
{[%emt 00:01:01]} 3. d4 {[%clk 01:31:17]} {[%emt 00:00:22]} cxd4 {[%clk
01:30:41]} {[%emt 00:00:05]} 4. Nxd4 {[%clk 01:31:43]} {[%emt 00:00:04]} Nf6
{[%clk 01:30:50]} {[%emt 00:00:20]} 5. Nc3 {[%clk 01:30:18]} {[%emt 00:01:55]}
d6 {[%clk 01:31:06]} {[%emt 00:00:14]} 6. Be3 {[%clk 01:30:32]} {[%emt
00:00:16]} a6 {[%clk 01:30:56]} {[%emt 00:00:39]} 7. a3 {[%clk 01:26:44]}
{[%emt 00:04:19]} b5 {[%clk 01:29:57]} {[%emt 00:01:29]} 8. g3 {[%clk
01:23:39]} {[%emt 00:03:34]} Bb7 {[%clk 01:27:38]} {[%emt 00:02:48]} 9. Bg2
{[%clk 01:24:04]} {[%emt 00:00:05]} Be7 {[%clk 01:26:28]} {[%emt 00:01:40]} 10.
O-O {[%clk 01:23:55]} {[%emt 00:00:39]} Qc7 {[%clk 01:25:59]} {[%emt 00:00:59]}
11. Qd2 {[%clk 01:21:00]} {[%emt 00:03:26]} O-O {[%clk 01:23:57]} {[%emt
00:02:32]} 12. f4 {[%clk 01:19:56]} {[%emt 00:01:34]} Nbd7 {[%clk 01:20:29]}
{[%emt 00:03:57]} 13. Nb3 {[%clk 01:18:22]} {[%emt 00:02:04]} Nc5 {[%clk
01:09:35]} {[%emt 00:11:24]} 14. Nxc5 {[%clk 01:16:13]} {[%emt 00:02:40]} dxc5
{[%clk 01:09:58]} {[%emt 00:00:07]} 15. e5 {[%clk 01:16:17]} {[%emt 00:00:25]}
Rfd8 {[%clk 01:09:10]} {[%emt 00:01:18]} 16. Qe2 {[%clk 01:10:36]} {[%emt
00:06:11]} Bxg2 {[%clk 01:06:18]} {[%emt 00:03:22]} 17. Kxg2 {[%clk 01:01:02]}
{[%emt 00:10:05]} Nd5 {[%clk 01:02:38]} {[%emt 00:04:10]} 18. Bd2 {[%clk
00:59:53]} {[%emt 00:01:38]} Nxc3 {[%clk 01:00:23]} {[%emt 00:02:45]} 19. Bxc3
{[%clk 00:58:49]} {[%emt 00:01:35]} Qc6+ {[%clk 00:43:11]} {[%emt 00:17:41]}
20. Qf3 {[%clk 00:59:05]} {[%emt 00:00:14]} Qxf3+ {[%clk 00:43:25]} {[%emt
00:00:17]} 21. Kxf3 {[%clk 00:58:38]} {[%emt 00:00:57]} 1/2-1/2

[Event "DEM U14 2024"]
[Site "Willingen GER"]
[Date "2024.05.19"]
[Round "2"]
[White "Schuricht, Emil Frederick"]
[Black "Vranckx, Oscar"]
[Result "1/2-1/2"]
[Termination "normal"]
[Board "11"]
[WhiteElo "2027"]
[BlackElo "1870"]
[WhiteClock "00:15:56"]
[BlackClock "00:39:04"]
[PlyCount "79"]
[WhiteFideId "16270185"]
[BlackFideId "34608788"]
[EventCountry "GER"]
[EventRounds "9"]
[EventType "swiss"]
[EventDate "2024.05.18"]

1. d4 {[%clk 01:30:58]} {[%emt 00:00:01]} d5 {[%clk 01:30:50]} {[%emt
00:00:11]} 2. c4 {[%clk 01:31:12]} {[%emt 00:00:16]} e6 {[%clk 01:31:15]}
{[%emt 00:00:05]} 3. Nc3 {[%clk 01:31:35]} {[%emt 00:00:07]} c5 {[%clk
01:31:39]} {[%emt 00:00:06]} 4. cxd5 {[%clk 01:32:00]} {[%emt 00:00:06]} cxd4
{[%clk 01:32:00]} {[%emt 00:00:09]} 5. Qa4+ {[%clk 01:32:26]} {[%emt 00:00:04]}
Bd7 {[%clk 01:32:22]} {[%emt 00:00:08]} 6. Qxd4 {[%clk 01:32:49]} {[%emt
00:00:06]} exd5 {[%clk 01:32:46]} {[%emt 00:00:06]} 7. Nf3 {[%clk 01:32:53]}
{[%emt 00:00:26]} Nc6 {[%clk 01:33:09]} {[%emt 00:00:07]} 8. Qd3 {[%clk
01:33:11]} {[%emt 00:00:11]} Be6 {[%clk 01:24:03]} {[%emt 00:09:37]} 9. Nd4
{[%clk 01:15:46]} {[%emt 00:17:55]} Nxd4 {[%clk 01:13:14]} {[%emt 00:11:19]}
10. Qxd4 {[%clk 01:16:07]} {[%emt 00:00:09]} Qb6 {[%clk 01:13:38]} {[%emt
00:00:07]} 11. Qxb6 {[%clk 01:11:21]} {[%emt 00:05:16]} axb6 {[%clk 01:14:00]}
{[%emt 00:00:08]} 12. Nb5 {[%clk 01:06:09]} {[%emt 00:05:41]} Kd7 {[%clk
01:11:23]} {[%emt 00:03:07]} 13. e3 {[%clk 01:02:59]} {[%emt 00:03:40]} Nf6
{[%clk 01:10:38]} {[%emt 00:01:15]} 14. Nd4 {[%clk 00:56:57]} {[%emt 00:06:33]}
Bb4+ {[%clk 01:09:51]} {[%emt 00:01:17]} 15. Bd2 {[%clk 00:57:17]} {[%emt
00:00:08]} Bxd2+ {[%clk 01:10:12]} {[%emt 00:00:09]} 16. Kxd2 {[%clk 00:57:44]}
{[%emt 00:00:04]} Ne4+ {[%clk 01:10:10]} {[%emt 00:00:31]} 17. Ke1 {[%clk
00:58:01]} {[%emt 00:00:13]} Rhc8 {[%clk 01:10:25]} {[%emt 00:00:15]} 18. f3
{[%clk 00:57:05]} {[%emt 00:01:26]} Nd6 {[%clk 01:10:31]} {[%emt 00:00:23]} 19.
Kf2 {[%clk 00:48:25]} {[%emt 00:09:12]} Nf5 {[%clk 01:08:52]} {[%emt 00:02:10]}
20. Bd3 {[%clk 00:48:16]} {[%emt 00:00:38]} Nxd4 {[%clk 01:08:49]} {[%emt
00:00:33]} 21. exd4 {[%clk 00:48:44]} {[%emt 00:00:02]} Kd6 {[%clk 01:09:02]}
{[%emt 00:00:17]} 22. Ke3 {[%clk 00:35:41]} {[%emt 00:13:32]} g6 {[%clk
01:07:55]} {[%emt 00:01:37]} 23. a3 {[%clk 00:34:26]} {[%emt 00:01:46]} Re8
{[%clk 01:06:47]} {[%emt 00:01:38]} 24. Kd2 {[%clk 00:31:44]} {[%emt 00:03:13]}
Bd7 {[%clk 01:06:18]} {[%emt 00:00:58]} 25. Rhe1 {[%clk 00:31:00]} {[%emt
00:01:14]} Rac8 {[%clk 01:03:11]} {[%emt 00:03:37]} 26. h4 {[%clk 00:31:05]}
{[%emt 00:00:25]} h6 {[%clk 00:55:18]} {[%emt 00:08:22]} 27. g4 {[%clk
00:26:20]} {[%emt 00:05:16]} Ra8 {[%clk 00:51:22]} {[%emt 00:04:26]} 28. Rxe8
{[%clk 00:22:15]} {[%emt 00:04:35]} Rxe8 {[%clk 00:50:49]} {[%emt 00:01:02]}
29. Rh1 {[%clk 00:22:35]} {[%emt 00:00:10]} Rf8 {[%clk 00:50:02]} {[%emt
00:01:18]} 30. Ke3 {[%clk 00:21:31]} {[%emt 00:01:33]} f5 {[%clk 00:47:35]}
{[%emt 00:02:57]} 31. g5 {[%clk 00:17:48]} {[%emt 00:04:13]} h5 {[%clk
00:43:53]} {[%emt 00:04:12]} 32. f4 {[%clk 00:16:10]} {[%emt 00:02:07]} Re8+
{[%clk 00:42:52]} {[%emt 00:01:31]} 33. Kd2 {[%clk 00:16:34]} {[%emt 00:00:06]}
Rc8 {[%clk 00:41:03]} {[%emt 00:02:19]} 34. Re1 {[%clk 00:16:39]} {[%emt
00:00:24]} Be8 {[%clk 00:40:46]} {[%emt 00:00:48]} 35. Rc1 {[%clk 00:16:26]}
{[%emt 00:00:43]} Ra8 {[%clk 00:39:22]} {[%emt 00:01:54]} 36. Be2 {[%clk
00:16:16]} {[%emt 00:00:40]} Bd7 {[%clk 00:39:28]} {[%emt 00:00:24]} 37. Bf3
{[%clk 00:16:33]} {[%emt 00:00:13]} Ra4 {[%clk 00:39:09]} {[%emt 00:00:49]} 38.
Kd3 {[%clk 00:15:33]} {[%emt 00:04:50]} Bb5+ {[%clk 00:39:06]} 39. Ke3 {[%clk
00:15:56]} Ra8 {[%clk 00:39:04]} {[%emt 00:00:01]} 40. Kd2 1/2-1/2

[Event "DEM U14 2024"]
[Site "Willingen GER"]
[Date "2024.05.19"]
[Round "2"]
[White "Mandalka, Justus"]
[Black "Herrmann, Jakob"]
[Result "0-1"]
[Termination "normal"]
[Board "12"]
[WhiteElo "1837"]
[BlackElo "2060"]
[WhiteClock "00:22:29"]
[BlackClock "00:15:33"]
[PlyCount "94"]
[WhiteFideId "16298144"]
[BlackFideId "16287169"]
[EventCountry "GER"]
[EventRounds "9"]
[EventType "swiss"]
[EventDate "2024.05.18"]

 1. e4 {[%clk 01:30:58]} {[%emt 00:00:01]} c6 {[%clk 01:30:50]} {[%emt
00:00:06]} 2. d4 {[%clk 01:31:24]} {[%emt 00:00:09]} d5 {[%clk 01:31:12]}
{[%emt 00:00:07]} 3. exd5 {[%clk 01:31:47]} {[%emt 00:00:07]} cxd5 {[%clk
01:31:37]} {[%emt 00:00:05]} 4. Bd3 {[%clk 01:32:12]} {[%emt 00:00:04]} Nc6
{[%clk 01:32:02]} {[%emt 00:00:05]} 5. c3 {[%clk 01:32:39]} {[%emt 00:00:04]}
Nf6 {[%clk 01:32:28]} {[%emt 00:00:04]} 6. Bf4 {[%clk 01:32:51]} {[%emt
00:00:18]} Bg4 {[%clk 01:32:50]} {[%emt 00:00:07]} 7. Nf3 {[%clk 01:32:36]}
{[%emt 00:00:46]} e6 {[%clk 01:33:14]} {[%emt 00:00:07]} 8. h3 {[%clk
01:31:39]} {[%emt 00:01:26]} Bh5 {[%clk 01:33:38]} {[%emt 00:00:06]} 9. O-O
{[%clk 01:31:27]} {[%emt 00:00:41]} Ne4 {[%clk 01:32:46]} {[%emt 00:01:24]} 10.
Nbd2 {[%clk 01:29:40]} {[%emt 00:02:16]} Bd6 {[%clk 01:33:10]} {[%emt
00:00:06]} 11. Bxd6 {[%clk 01:26:42]} {[%emt 00:03:28]} Nxd6 {[%clk 01:33:34]}
{[%emt 00:00:06]} 12. Re1 {[%clk 01:25:40]} {[%emt 00:01:32]} O-O {[%clk
01:33:52]} {[%emt 00:00:12]} 13. Rc1 {[%clk 01:16:13]} {[%emt 00:09:57]} Rc8
{[%clk 01:30:28]} {[%emt 00:03:54]} 14. b4 {[%clk 01:12:50]} {[%emt 00:03:53]}
Re8 {[%clk 01:25:58]} {[%emt 00:05:01]} 15. Qb3 {[%clk 01:11:08]} {[%emt
00:02:12]} Qf6 {[%clk 01:18:10]} {[%emt 00:08:17]} 16. a4 {[%clk 00:57:38]}
{[%emt 00:14:00]} Red8 {[%clk 01:08:25]} {[%emt 00:10:15]} 17. Re3 {[%clk
00:40:14]} {[%emt 00:17:54]} Bg6 {[%clk 00:51:47]} {[%emt 00:17:09]} 18. Bxg6
{[%clk 00:35:16]} {[%emt 00:05:27]} hxg6 {[%clk 00:52:09]} {[%emt 00:00:07]}
19. Rce1 {[%clk 00:33:17]} {[%emt 00:02:29]} Nf5 {[%clk 00:49:18]} {[%emt
00:03:22]} 20. R3e2 {[%clk 00:33:04]} {[%emt 00:00:43]} Rc7 {[%clk 00:47:55]}
{[%emt 00:01:54]} 21. Qb2 {[%clk 00:19:27]} {[%emt 00:14:07]} b6 {[%clk
00:44:40]} {[%emt 00:03:44]} 22. Nf1 {[%clk 00:16:45]} {[%emt 00:03:12]} Rdc8
{[%clk 00:42:35]} {[%emt 00:02:34]} 23. Ne3 {[%clk 00:14:01]} {[%emt 00:03:16]}
Qd8 {[%clk 00:40:40]} {[%emt 00:02:25]} 24. Nxf5 {[%clk 00:13:04]} {[%emt
00:01:26]} gxf5 {[%clk 00:40:57]} {[%emt 00:00:12]} 25. Re3 {[%clk 00:10:42]}
{[%emt 00:02:53]} Qf6 {[%clk 00:31:18]} {[%emt 00:13:16]} 26. Rd3 {[%clk
00:06:17]} {[%emt 00:01:47]} Nd8 {[%clk 00:30:07]} {[%emt 00:01:42]} 27. Nd2
{[%clk 00:03:32]} {[%emt 00:03:15]} Nb7 {[%clk 00:30:11]} {[%emt 00:00:25]} 28.
Kh1 {[%clk 00:01:33]} {[%emt 00:02:29]} Nd6 {[%clk 00:30:27]} {[%emt 00:00:14]}
29. f3 {[%clk 00:01:59]} {[%emt 00:00:05]} f4 {[%clk 00:29:58]} {[%emt
00:00:59]} 30. Kg1 {[%clk 00:01:59]} {[%emt 00:00:29]} Qg6 {[%clk 00:29:47]}
{[%emt 00:00:41]} 31. Qc2 {[%clk 00:02:03]} {[%emt 00:00:27]} Nf5 {[%clk
00:30:07]} {[%emt 00:00:10]} 32. Qb2 {[%clk 00:01:39]} {[%emt 00:00:54]} Nh4
0-1

[Event "DEM U14 2024"]
[Site "Willingen GER"]
[Date "2024.05.19"]
[Round "2"]
[White "Stichter, Constantin Paul"]
[Black "Han, Erdem"]
[Result "1/2-1/2"]
[Termination "normal"]
[Board "13"]
[WhiteElo "2022"]
[BlackElo "1654"]
[WhiteClock "01:14:59"]
[BlackClock "00:43:48"]
[PlyCount "43"]
[WhiteFideId "34603140"]
[BlackFideId "533000646"]
[EventCountry "GER"]
[EventRounds "9"]
[EventType "swiss"]
[EventDate "2024.05.18"]

1. e4 {[%clk 01:30:56]} {[%emt 00:00:03]} c5 {[%clk 01:30:42]} {[%emt
00:00:19]} 2. d3 {[%clk 01:29:45]} {[%emt 00:01:41]} e6 {[%clk 01:27:21]}
{[%emt 00:03:50]} 3. g3 {[%clk 01:30:06]} {[%emt 00:00:10]} d5 {[%clk
01:26:44]} {[%emt 00:01:07]} 4. Bg2 {[%clk 01:30:22]} {[%emt 00:00:13]} Nc6
{[%clk 01:24:50]} {[%emt 00:02:24]} 5. Nd2 {[%clk 01:30:16]} {[%emt 00:00:37]}
Nf6 {[%clk 01:23:55]} {[%emt 00:01:25]} 6. Ngf3 {[%clk 01:30:10]} {[%emt
00:00:36]} Be7 {[%clk 01:21:53]} {[%emt 00:02:32]} 7. O-O {[%clk 01:30:26]}
{[%emt 00:00:14]} O-O {[%clk 01:21:49]} {[%emt 00:00:33]} 8. Re1 {[%clk
01:30:50]} {[%emt 00:00:07]} b6 {[%clk 01:20:04]} {[%emt 00:02:14]} 9. e5
{[%clk 01:30:05]} {[%emt 00:01:15]} Nd7 {[%clk 01:19:25]} {[%emt 00:01:09]} 10.
Nf1 {[%clk 01:30:26]} {[%emt 00:00:09]} Bb7 {[%clk 01:17:38]} {[%emt 00:02:17]}
11. h4 {[%clk 01:29:56]} {[%emt 00:01:00]} Qc7 {[%clk 01:12:14]} {[%emt
00:05:54]} 12. Bf4 {[%clk 01:29:57]} {[%emt 00:00:29]} Rfe8 {[%clk 01:05:54]}
{[%emt 00:06:51]} 13. h5 {[%clk 01:29:22]} {[%emt 00:01:05]} Bf8 {[%clk
01:03:33]} {[%emt 00:02:51]} 14. g4 {[%clk 01:22:35]} {[%emt 00:07:16]} f6
{[%clk 01:00:57]} {[%emt 00:03:06]} 15. Qe2 {[%clk 01:21:22]} {[%emt 00:01:44]}
fxe5 {[%clk 00:59:23]} {[%emt 00:02:03]} 16. Bg3 {[%clk 01:17:30]} {[%emt
00:04:22]} Bd6 {[%clk 00:56:51]} {[%emt 00:03:02]} 17. h6 {[%clk 01:17:56]}
{[%emt 00:00:05]} Nd4 {[%clk 00:52:46]} {[%emt 00:04:34]} 18. Nxd4 {[%clk
01:16:32]} {[%emt 00:01:54]} exd4 {[%clk 00:52:20]} {[%emt 00:00:57]} 19. Bxd6
{[%clk 01:16:48]} {[%emt 00:00:14]} Qxd6 {[%clk 00:52:43]} {[%emt 00:00:06]}
20. hxg7 {[%clk 01:17:13]} {[%emt 00:00:04]} Qe7 {[%clk 00:46:40]} {[%emt
00:06:34]} 21. Ng3 {[%clk 01:16:07]} {[%emt 00:01:35]} Qxg7 {[%clk 00:43:48]}
{[%emt 00:03:23]} 22. Nh5 {[%clk 01:14:59]} 1/2-1/2

[Event "DEM U14 2024"]
[Site "Willingen GER"]
[Date "2024.05.19"]
[Round "2"]
[White "Stephanblome, Felix"]
[Black "Schwitkowski, Luka"]
[Result "1/2-1/2"]
[Termination "normal"]
[Board "14"]
[WhiteElo "1869"]
[BlackElo "2028"]
[WhiteClock "01:00:37"]
[BlackClock "00:02:50"]
[PlyCount "43"]
[WhiteFideId "34661026"]
[BlackFideId "34610669"]
[EventCountry "GER"]
[EventRounds "9"]
[EventType "swiss"]
[EventDate "2024.05.18"]

1. d4 {[%clk 01:30:57]} {[%emt 00:00:02]} Nf6 {[%clk 01:29:31]} {[%emt
00:01:29]} 2. c4 {[%clk 01:31:21]} {[%emt 00:00:06]} c6 {[%clk 01:25:55]}
{[%emt 00:04:06]} 3. Nf3 {[%clk 01:31:31]} {[%emt 00:00:20]} d5 {[%clk
01:26:00]} {[%emt 00:00:25]} 4. Qb3 {[%clk 01:31:51]} {[%emt 00:00:10]} dxc4
{[%clk 01:25:59]} {[%emt 00:00:32]} 5. Qxc4 {[%clk 01:32:15]} {[%emt 00:00:06]}
Be6 {[%clk 01:21:32]} {[%emt 00:04:57]} 6. Qd3 {[%clk 01:27:23]} {[%emt
00:05:21]} Na6 {[%clk 01:01:55]} {[%emt 00:20:07]} 7. a3 {[%clk 01:22:21]}
{[%emt 00:05:32]} Qa5+ {[%clk 00:37:15]} {[%emt 00:25:10]} 8. Bd2 {[%clk
01:20:25]} {[%emt 00:02:25]} Qh5 {[%clk 00:22:30]} {[%emt 00:15:16]} 9. Nc3
{[%clk 01:17:18]} {[%emt 00:03:36]} Rd8 {[%clk 00:22:24]} {[%emt 00:00:37]} 10.
b4 {[%clk 01:15:12]} {[%emt 00:02:35]} h6 {[%clk 00:07:41]} {[%emt 00:15:14]}
11. e4 {[%clk 01:13:12]} {[%emt 00:02:30]} g5 {[%clk 00:07:59]} {[%emt
00:00:12]} 12. Ne5 {[%clk 01:11:23]} {[%emt 00:02:18]} Nc7 {[%clk 00:06:39]}
{[%emt 00:01:51]} 13. Na4 {[%clk 01:10:06]} {[%emt 00:01:47]} Nb5 {[%clk
00:05:07]} {[%emt 00:02:02]} 14. d5 {[%clk 01:09:03]} {[%emt 00:01:33]} Nxd5
{[%emt 00:01:39]} 15. exd5 {[%clk 01:08:43]} {[%emt 00:00:49]} Rxd5 {[%clk
00:04:22]} {[%emt 00:00:08]} 16. Qg3 {[%clk 01:07:38]} {[%emt 00:01:32]} Nd4
{[%clk 00:03:57]} {[%emt 00:00:57]} 17. Bd3 {[%clk 01:06:02]} {[%emt 00:02:06]}
Bg7 {[%clk 00:03:03]} {[%emt 00:01:24]} 18. f4 {[%clk 01:04:57]} {[%emt
00:01:35]} Bf6 {[%clk 00:01:54]} {[%emt 00:01:40]} 19. Nc3 {[%clk 01:01:46]}
{[%emt 00:03:40]} gxf4 {[%clk 00:02:11]} {[%emt 00:00:14]} 20. Bxf4 {[%clk
01:02:06]} {[%emt 00:00:08]} Bh4 {[%clk 00:02:29]} {[%emt 00:00:13]} 21. Nxd5
{[%clk 01:01:23]} {[%emt 00:01:13]} Bxd5 {[%clk 00:02:50]} {[%emt 00:00:09]}
22. Kd2 {[%clk 01:00:37]} {[%emt 00:01:15]} 1/2-1/2

[Event "DEM U14 2024"]
[Site "Willingen GER"]
[Date "2024.05.19"]
[Round "2"]
[White "Derr, Oleg"]
[Black "Pimenov, Danil"]
[Result "1-0"]
[Termination "normal"]
[Board "15"]
[WhiteElo "1946"]
[BlackElo "1863"]
[WhiteClock "01:11:40"]
[BlackClock "00:29:20"]
[PlyCount "95"]
[WhiteFideId "34611517"]
[BlackFideId "34600248"]
[EventCountry "GER"]
[EventRounds "9"]
[EventType "swiss"]
[EventDate "2024.05.18"]

1. e4 {[%clk 01:30:59]} c5 {[%clk 01:30:53]} {[%emt 00:00:08]} 2. Nf3 {[%clk
01:31:25]} {[%emt 00:00:04]} Nc6 {[%clk 01:31:18]} {[%emt 00:00:05]} 3. Bc4
{[%clk 01:31:50]} {[%emt 00:00:04]} e6 {[%clk 01:31:13]} {[%emt 00:00:35]} 4.
O-O {[%clk 01:32:10]} {[%emt 00:00:10]} Qc7 {[%clk 01:29:31]} {[%emt 00:02:12]}
5. Re1 {[%clk 01:31:57]} {[%emt 00:00:43]} d6 {[%clk 01:28:29]} {[%emt
00:01:32]} 6. c3 {[%clk 01:31:31]} {[%emt 00:00:56]} Be7 {[%clk 01:25:36]}
{[%emt 00:03:23]} 7. d4 {[%clk 01:30:40]} {[%emt 00:01:21]} Nf6 {[%clk
01:21:31]} {[%emt 00:04:34]} 8. Bb3 {[%clk 01:30:40]} {[%emt 00:00:30]} O-O
{[%clk 01:20:50]} {[%emt 00:01:12]} 9. a4 {[%clk 01:28:49]} {[%emt 00:02:22]}
Rd8 {[%clk 01:18:36]} {[%emt 00:02:43]} 10. Nbd2 {[%clk 01:27:52]} {[%emt
00:01:26]} b6 {[%clk 01:17:18]} {[%emt 00:01:49]} 11. Nf1 {[%clk 01:25:41]}
{[%emt 00:02:40]} Bb7 {[%clk 01:15:44]} {[%emt 00:02:05]} 12. Ng3 {[%clk
01:22:16]} {[%emt 00:03:53]} a6 {[%clk 01:14:04]} {[%emt 00:02:11]} 13. Bd2
{[%clk 01:17:28]} {[%emt 00:05:17]} b5 {[%clk 01:08:13]} {[%emt 00:06:22]} 14.
Qe2 {[%clk 01:16:04]} {[%emt 00:01:52]} c4 {[%clk 01:08:20]} {[%emt 00:00:24]}
15. Bc2 {[%clk 01:15:46]} {[%emt 00:00:49]} e5 {[%clk 00:59:34]} {[%emt
00:09:16]} 16. d5 {[%clk 01:14:39]} {[%emt 00:01:36]} Nb8 {[%clk 00:58:52]}
{[%emt 00:01:13]} 17. Nf5 {[%clk 01:14:36]} {[%emt 00:00:33]} Bf8 {[%clk
00:48:20]} {[%emt 00:11:02]} 18. Bg5 {[%clk 01:13:02]} {[%emt 00:02:04]} Nbd7
{[%clk 00:47:41]} {[%emt 00:01:08]} 19. N3h4 {[%clk 01:11:14]} {[%emt
00:02:18]} Rdb8 {[%clk 00:37:34]} {[%emt 00:10:37]} 20. Qf3 {[%clk 01:09:57]}
{[%emt 00:01:47]} Kh8 {[%clk 00:36:39]} {[%emt 00:01:26]} 21. Nh6 {[%clk
01:04:14]} {[%emt 00:06:12]} gxh6 {[%clk 00:35:59]} {[%emt 00:01:10]} 22. Bxf6+
{[%clk 01:04:39]} {[%emt 00:00:05]} Nxf6 {[%clk 00:36:07]} {[%emt 00:00:22]}
23. Qxf6+ {[%clk 01:05:04]} {[%emt 00:00:06]} Bg7 {[%clk 00:36:33]} {[%emt
00:00:04]} 24. Qf3 {[%clk 01:05:21]} {[%emt 00:00:12]} Bc8 {[%clk 00:36:24]}
{[%emt 00:00:39]} 25. a5 {[%clk 01:03:13]} {[%emt 00:02:38]} Qe7 {[%clk
00:35:46]} {[%emt 00:01:07]} 26. g3 {[%clk 00:57:03]} {[%emt 00:06:41]} Bf6
{[%clk 00:34:58]} {[%emt 00:01:17]} 27. Ng2 {[%clk 00:56:46]} {[%emt 00:00:47]}
Bg7 {[%clk 00:22:17]} {[%emt 00:13:11]} 28. Qh5 {[%clk 00:53:33]} {[%emt
00:03:43]} Ra7 {[%clk 00:19:14]} {[%emt 00:03:36]} 29. h4 {[%clk 00:52:14]}
{[%emt 00:01:48]} Qd7 {[%clk 00:14:01]} {[%emt 00:05:43]} 30. Ne3 {[%clk
00:51:52]} {[%emt 00:00:52]} Qe7 {[%clk 00:11:28]} {[%emt 00:03:02]} 31. Bd1
{[%clk 00:47:09]} {[%emt 00:05:13]} Rc7 {[%clk 00:08:45]} {[%emt 00:03:13]} 32.
Bg4 {[%clk 00:46:54]} {[%emt 00:00:45]} Bxg4 {[%clk 00:08:56]} {[%emt
00:00:19]} 33. Qxg4 {[%clk 00:45:25]} {[%emt 00:02:00]} b4 {[%clk 00:08:19]}
{[%emt 00:01:07]} 34. Rec1 {[%clk 00:45:15]} {[%emt 00:00:39]} bxc3 35. Rxc3
{[%clk 00:45:32]} Rxb2 {[%clk 00:07:15]} 36. Rxc4 {[%clk 00:45:53]} Rxc4 {[%clk
00:04:20]} {[%emt 00:00:09]} 37. Nxc4 {[%clk 00:46:16]} Rb8 {[%clk 00:03:22]}
{[%emt 00:01:01]} 38. Nb6 {[%clk 00:45:45]} {[%emt 00:01:02]} Qc7 {[%clk
00:00:51]} {[%emt 00:03:01]} 39. Qe2 {[%clk 00:45:55]} {[%emt 00:00:18]} Qc3
{[%clk 00:00:59]} {[%emt 00:00:23]} 40. Ra4 {[%clk 00:46:19]} {[%emt 00:00:06]}
Qb3 {[%clk 00:00:43]} {[%emt 00:00:46]} 41. Qxa6 {[%clk 00:46:23]} {[%emt
00:00:26]} f5 {[%clk 00:00:48]} {[%emt 00:00:26]} 42. Rc4 {[%clk 00:44:02]}
{[%emt 00:02:50]} Bf8 {[%clk 00:29:35]} {[%emt 00:01:43]} 43. Rc8 {[%clk
01:12:37]} {[%emt 00:01:56]} Qb1+ {[%clk 00:29:09]} {[%emt 00:00:56]} 44. Kh2
{[%clk 01:12:58]} {[%emt 00:00:08]} Qe1 {[%clk 00:28:31]} {[%emt 00:01:08]} 45.
Rxb8 {[%clk 01:11:11]} {[%emt 00:02:18]} Qxf2+ {[%clk 00:28:52]} {[%emt
00:00:08]} 46. Kh3 {[%clk 01:11:34]} {[%emt 00:00:07]} fxe4 {[%clk 00:29:04]}
{[%emt 00:00:19]} 47. Rxf8+ {[%clk 01:11:25]} {[%emt 00:00:39]} Qxf8 {[%clk
00:29:20]} {[%emt 00:00:14]} 48. Qc8 {[%clk 01:11:40]} {[%emt 00:00:15]} 1-0